00605nas a2200217 4500001001000000003000900010005001700019007000300036008003400039040005400073041000900127072000800136100001400144100001900158100002000177245005200197650001200249650002000261650001500281773009100296BR8904512BR-BrBNA20231205091713.0ta230509b bl.|||p| |||| 00| 00por d aBR-BrBNAbporcBiblioteca Nacional de Agricultura a(Pt) aL701 aGrisi, L.1 aPimentel, C.S.1 aPereira, B.E.S.1 aEficacia anti-helmintica do Netobimin em suinos aSUÍNO aANTI-HELMINTICO aNEMATICIDA0 tHora Veterinaria (Brazil)xISSN 0101-9163g(Mar-Apr 1988), v. 7(42) p. 8-16wBR8904512